Translocation and root exudation of glyphosate by urochloa brizantha and its transport on sugarcane and citrus seedlings (Registro n. 9405)
[ somente texto ]
| 000 -LÍDER | |
|---|---|
| fixed length control field | 05299nab a2200349 i 4500 |
| 003 - CÓDIGO MARC DA AGÊNCIA CATALOGADORA | |
| Campo de controle | BR-BrBNA |
| 005 - DATA E HORA DA ÚLTIMA ATUALIZAÇÃO | |
| Campo de controle | 20230919141204.0 |
| 008 - CAMPO DE TAMANHO FIXO | |
| fixed length control field | 230619b2019 bl.ar|pooa||| 00| 0 eng | |
| 040 ## - FONTE DA CATALOGAÇÃO | |
| Agência catalogadora | BR-BrBNA |
| Idioma da catalogação | eng |
| 072 ## - CATEGORIA AGRIS | |
| Código AGRIS | H60 |
| Código do objeto | 0230 |
| 072 ## - CATEGORIA AGRIS | |
| Código do objeto | 1000 |
| 100 ## - ENTRADA PRINCIPAL - NOME PESSOAL | |
| Nome pessoal | Viti, M.L. |
| 100 ## - ENTRADA PRINCIPAL - NOME PESSOAL | |
| Nome pessoal | Alves, P.A.T. |
| 100 ## - ENTRADA PRINCIPAL - NOME PESSOAL | |
| Nome pessoal | Mendes, K.F. |
| 100 ## - ENTRADA PRINCIPAL - NOME PESSOAL | |
| Nome pessoal | Pimpinato, R.F. |
| 100 ## - ENTRADA PRINCIPAL - NOME PESSOAL | |
| Nome pessoal | Guimarães, A.C.D. |
| 100 ## - ENTRADA PRINCIPAL - NOME PESSOAL | |
| Nome pessoal | Tornisielo, V.L. |
| 245 ## - TÍTULO PRINCIPAL | |
| Título principal | Translocation and root exudation of glyphosate by urochloa brizantha and its transport on sugarcane and citrus seedlings |
| 500 ## - NOTA GERAL | |
| Nota geral | Publicação on-line; 22 ref.; 1 table; 3 illus.; Summaries (En, Pt) |
| 942 ## - ADDED ENTRY ELEMENTS (KOHA) | |
| Koha item type | |
| 520 ## - NOTA DE RESUMO | |
| Nota de conteúdo | <br/><br/>ABSTRACT - Glyphosate is easily exuded by the roots of plants. However, there is<br/>still some lack of information in the scientific literature as to whether Urochloa<br/>brizantha is capable of exuding glyphosate to influence the growth of crops such as<br/>sugarcane and citrus. Thus, the objective of this research was to evaluate the<br/>translocation and root exudation of 14C-glyphosate by U. brizantha and its transport<br/>in sugarcane and citrus. Sugarcane seedlings, varieties SP80-1842, and citrus ‘Limão<br/>Rosa’ (Citrus limonia L. Osbeck) were cultivated with U. brizantha around the<br/>seedlings. Using a microsphere, 14C-glyphosate was applied on the leaves of<br/>U. brizantha. The plants were cultured for 12 days after treatment (DAT). The<br/>radioactivity of the herbicide was evaluated by liquid scintillation spectrometer, after<br/>oxidizing the soil and parts of the plants (leaves, culms and roots) of U. brizantha,<br/>sugarcane and citrus. The highest amount of glyphosate was detected in the<br/>U. brizantha leaves, where the applications were carried out, regardless of the culture<br/>studied. Only traces of glyphosate (0.001%) were detected in soil cultivated with<br/>sugarcane. On the other hand, in citrus, U. brizantha exuded 9.46% of the glyphosate<br/>by the root system in the soil. The total amount of herbicide found in sugarcane and<br/>citrus seedlings was only 0.006 and 0.095%, respectively, in all parts of the plant.<br/>These concentrations are lower than those required to cause intoxication in those<br/>crops. Considering the results, it is possible to state that the translocation of<br/>glyphosate in young plants of U. brizantha associated with citrus was higher in<br/>relation to sugarcane, and it was not exuded by the root system of the weed with<br/>sugarcane, but presented root exudation with citrus, however, the amount did not<br/>reach what is necessary to affect the dry mass of the agricultural crops.<br/><br/>Keywords: behavior in the plant, radioisotope, chemical sensitivity.<br/> |
| 520 ## - NOTA DE RESUMO | |
| Nota de conteúdo | <br/><br/>RESUMO - O glyphosate é facilmente exsudado pelas raízes das plantas. No entanto,<br/>ainda falta informação na literatura científica sobre a braquiária (Urochloa<br/>brizantha) é capaz de exsudar o glyphosate a ponto de influenciar o crescimento<br/>de culturas, como cana-de-açúcar e citros. Assim, o objetivo desta pesquisa foi<br/>avaliar a translocação e exsudação radicular do 14C-glyphosate por U. brizantha<br/>e seu transporte em mudas de cana-de-açúcar e citros. Foram cultivadas mudas de<br/>cana-de-açúcar, variedade SP80-1842, e citros ‘Limão Rosa’ (Citrus limonia L.<br/>Osbeck) com a braquiária ao redor das mudas. Utilizando uma microsseringa, foi<br/>aplicado 14C-glyphosate nas folhas de braquiária. As plantas foram cultivadas<br/>por 12 dias após o tratamento (DAT). A radioatividade do herbicida foi avaliada<br/>por espectrômetro de cintilação líquida, depois de oxidado o solo e as partes das<br/>plantas (folhas, colmos e raízes) de braquiária, cana-de-açúcar e citros. A maior quantidade de<br/>glyphosate foi detectada nas folhas de braquiária, onde foram realizadas as aplicações,<br/>independentemente da cultura estudada. Foram detectados apenas traços do glyphosate (0,001%) no<br/>solo cultivado com cana-de-açúcar. Por outro lado, em citros, a braquiária exsudou 9,46% do glyphosate<br/>pelo sistema radicular no solo. A quantidade total do herbicida encontrada nas mudas de cana-deaçúcar e <br/>citros foi de apenas 0,006 e 0,095%, respectivamente, em todas as partes da planta -<br/>concentrações inferiores às necessárias para causar intoxicação nessas culturas. Diante dos resultados,<br/>é possível afirmar que a translocação do glyphosate em plantas jovens de U. brizantha associadas com<br/>citros foi maior em relação à cana-de-açúcar; ele não foi exsudado pelo sistema radicular da planta<br/>daninha com cana-de-açúcar, mas apresentou exsudação radicular com citros, não sendo em quantidade<br/>necessária para afetar a massa seca das culturas agrícolas.<br/><br/>Palavras-chave: comportamento na planta, radioisótopo, sensibilidade química. |
| 650 ## - ASSUNTO - THESAGRO | |
| Cabeçalho tópico ou nome geográfico | RADIOISÓTOPO |
| 650 ## - ASSUNTO - THESAGRO | |
| Cabeçalho tópico ou nome geográfico | HERBICIDA |
| 650 ## - ASSUNTO - THESAGRO | |
| Cabeçalho tópico ou nome geográfico | EXSUDAÇÃO |
| 650 ## - ASSUNTO - THESAGRO | |
| Cabeçalho tópico ou nome geográfico | CAPIM UROCHLOA |
| 650 ## - ASSUNTO - THESAGRO | |
| Cabeçalho tópico ou nome geográfico | CANA DE AÇÚCAR |
| 650 ## - ASSUNTO - THESAGRO | |
| Cabeçalho tópico ou nome geográfico | FRUTA CÍTRICA |
| 773 0# - ENTRADA ANALÍTICA | |
| Host Biblionumber | 886 |
| Registro do item | 1816 |
| Imprenta | Londrina-PR : Sociedade Brasileira da Ciência das Plantas Daninhas, 1978 |
| Outro identificador | 2023-031023 |
| Título | Planta Daninha (Brazil) |
| ISSN | 0100-8358; 1806-9681 (on-line) |
| Colação | v. 37 p. 1-8; (2019) |
| Número de controle de registro | BR2023000429 |
| 856 ## - ACESSO E ENDEREÇO ELETRÔNICO | |
| Identificador uniforme de recurso - URI | https://www.scielo.br/j/pd/a/z3hBw6TGnkTmntT3YX4RT9j/?format=pdf&lang=en |
Nenhum exemplar disponível.

BINAGRI